The Complete Poetry of Edgar Allan Poe

Enregistré dans:
Détails bibliographiques
Auteur principal: Poe, Edgar Allan
Format: Livre
Langue:Undetermined
Publié: Estados Unidos Signet Classic 1996
Sujets:
Tags: Ajouter un tag
Pas de tags, Soyez le premier à ajouter un tag!

MARC

LEADER 00000nam a2200000Ia 4500
008 170316s9999 xx 000 0 und d
040 |a cru BVZT 
090 |a 810 P-15cp 
100 |a Poe, Edgar Allan 
245 4 |a The Complete Poetry of Edgar Allan Poe 
260 |a Estados Unidos 
260 |b Signet Classic 
260 |c 1996 
300 |a 125 páginas 
650 |a LITERATURA ESTADOUNIDENSE 
999 |c 6029  |d 6029 
942 |c 15 D  |h 810 P-15cp  |2 z